1704 1162 1970 1390 1958 1483 1497 1045 1130 1884 1389 1904 1201 1580 1386 1019 1789 1265 1389 1820 1402 1039 1084 1845 1341 1688 1337 1347 1860 1922 1407 1336 1123 1955 1256 1858 1075 1557 1983 1376 1130 1054 1655 1005 1329 1760 1868 1932 1698 1502 1659 1612 1257 1896 1571 1563 1335 1168 1018 1504 1100 1083 1360 1958 1901 1010 1819 1295 1792 1315 1462 1063 1496 1787 1406 1863 1554 1474 1962 1972 1891 1422 1605 1786 1908 1759 1981 1166 1054 1992 1242 1967 1802 1711 1872 1626 1664 1473 1765 BCNSPRNW ULIB Ver.6.0+V

เปลี่ยนเป็นภาษาไทย

Change to English
 แสดงรายละเอียดบรรณานุกรม
  กลับหน้าหลัก

Brief Record : Get Marc (ISO 2709) : E-mail record : QR code < ปิดหน้าต่าง
LEADER : 00000nam 2200000uu 4500
001    13399111655
003     ULIB
008    110627s||||||||th 000 0 tha d
020    9786165000390
090    นว.^bณ429ม 2553
100 0  ณารา
245 00 มือปราบหัวใจ/^cณารา
250    พิมพ์ครั้งที่ 2
260    กรุงเทพฯ :^bพิมพ์คำ,^c2553
300    370 หน้า
945    ^p260^l0^i028055
995    ทศพร
999 ^a ใช้งานได้ทุกระบบ
รายการนี้ยังไม่มีแท็ก
คุณยังไม่ได้ล็อกอิน คุณสามารถมีกิจกรรมร่วมกับเว็บไซต์ได้ แต่ต้องล็อกอินก่อน ::
  ล็อกอิน

รายการสื่อสารสนเทศ

ลำดับที่ ประเภท เลขเรียก/บาร์โค้ด สถานที่ สถานะ
- ไม่พบข้อมูล -

รายการใกล้เคียง
    ผู้แต่ง [ณารา]

BibComment


ยังไม่เคยถูกคอมเมนท์

คอมเมนท์ทรัพยากรรายการนี้
  คอมเมนท์: มือปราบหัวใจ ณารา


 Copyright 2026. Bcnsprnw @Library